| 000 | 00424cam a2200193ua 4500 | ||
|---|---|---|---|
| 001 | 8632 | ||
| 005 | 20260515114346.0 | ||
| 008 | 150214n ii |||gr||||Z||||||eng | ||
| 040 | _cMAIN | ||
| 041 | _aeng | ||
| 082 | _a822 | ||
| 100 |
_aShaw, B., _eAuthor. |
||
| 245 |
_aPygmalion _cBy Bernard Shaw |
||
| 250 | _a1st. | ||
| 260 |
_aNew Delhi: _bOrient, _c1968. |
||
| 300 | _a156p. | ||
| 653 | _aEnglish drama | ||
| 942 | _cBK | ||
| 999 |
_c7724 _d7724 |
||